| 000 | 01304cam a22002891i 4500 | ||
|---|---|---|---|
| 003 | SA-RiAUC | ||
| 005 | 20240919133106.0 | ||
| 008 | 240915s2004 su g 000 0 ara c | ||
| 040 |
_aEG-CaDAJ _bara _cSA-RiAUC _erda |
||
| 082 | 0 | 4 |
_a212.5 _qSA-RiAUC |
| 090 |
_a212.5 _bب ا س |
||
| 100 | 1 |
_aباسودان، عبد الله بن أحمد بن عبد الله، _d1178-1266 هجري _eمؤلف. |
|
| 245 | 1 | 0 |
_aسمط العقيان : _bشرح منظومة رياضة الصبيان / _cعبد الله بن أحمد باسودان. |
| 246 | 3 | 0 | _aشرح منظومة رياضة الصبيان |
| 250 | _aالطبعة الأولى. | ||
| 264 | 1 |
_aجدة، السعودية : _bدار المنهاج، _c2004 |
|
| 300 |
_a176 صفحة ؛ _c22 سم |
||
| 336 |
_aنص _btxt _2rdacontent _3كتاب |
||
| 337 |
_aبدون وسيط _bn _2rdamedia |
||
| 338 |
_aمجلد _bnc _2rdacarrier |
||
| 650 | 7 |
_aالتربية الإسلامية _2aucsh |
|
| 650 | 7 |
_aالأطفال _xتربية إسلامية _2aucsh |
|
| 650 | 7 |
_aالأخلاق الإسلامية _2aucsh |
|
| 700 | 1 | 2 |
_iشرح لـ (عمل) : _aشمس الدين الرملي، محمد بن أحمد بن حمزة، _d919-1004 هجري. _tمنظومة رياضة الصبيان |
| 942 |
_2ddc _cBOOK |
||
| 949 |
_aSA-JeALM _d240915 _umohamedma123 _n1 |
||
| 999 |
_c330 _d330 |
||